| 000 | 00756cab a2200277 4500 | ||
|---|---|---|---|
| 001 | ABS57265 | ||
| 008 | 090401t1997 xxu||||| |||| 00| 0 eng d | ||
| 035 | _a(Sirsi) u79660 | ||
| 041 | _aeng | ||
| 245 | _aRegional survey: M25 north | ||
| 260 | _c1997 | ||
| 350 | _a0 | ||
| 490 |
_aProperty Week _v60(1) 4 July 1997, 42-53(8) |
||
| 650 | _aDISTRIBUTION | ||
| 650 | _aLAND SUPPLY | ||
| 650 | _aM25 CORRIDOR | ||
| 650 | _aM25 | ||
| 650 | _aOFFICE DEVELOPMENT | ||
| 650 | _aOFFICE INVESTMENT | ||
| 650 | _aPROPERTY-COMMERCIAL PROPERTY-OFFICE PROPERTY-OFFICE PROPERTY MARKET | ||
| 650 | _aOFFICE RENTS | ||
| 650 | _aOFFICE YIELDS | ||
| 690 | _aPROPERTY-COMMERCIAL PROPERTY-COMMERCIAL PROPERTY MARKET | ||
| 942 | _n0 | ||
| 948 | _c16/07/1997 | ||
| 999 |
_c50104 _d50104 |
||